[Event "TV Fischbek - Hamburger SK IV"]
[Site "Landesliga Hamburg 2019/20"]
[Date "2020.01.19"]
[Round "5.5"]
[White "Posske, Thore"]
[Black "Peters, Thomas"]
[Result "1/2-1/2"]
[WhiteElo "2015"]
[BlackElo "1794"]
[PlyCount "173"]
[EventDate "2020.??.??"]

1. d4 d5 2. c4 c6 3. Nc3 Nf6 4. Nf3 Qb6 5. Qc2 Bg4 6. c5 Qc7 7. Ne5 Nbd7 8. Bf4
Nxe5 9. Bxe5 Qd7 10. f3 Bh5 11. e3 Bg6 12. Qc1 h5 13. Be2 h4 14. b4 Nh5 15. O-O
f6 16. Bf4 Nxf4 17. exf4 Bf5 18. Qe3 Qc7 19. Rfe1 g6 20. Bd3 Bxd3 21. Qxd3 Qxf4
22. Qxg6+ Kd8 23. Rad1 h3 24. Rd3 hxg2 25. Qxg2 Bh6 26. b5 Kd7 27. Ne2 Qf5 28.
Rb3 Bf4 29. bxc6+ Kxc6 30. Nxf4 Qxf4 31. Qe2 Qxd4+ 32. Kh1 Qxc5 33. Qe6+ Kc7
34. Rbe3 Rh7 35. Qf5 Rah8 36. Qf4+ e5 37. Qxf6 Rxh2+ 38. Kg1 Rh1+ 39. Kg2 Qc2+
40. R1e2 R8h2+ 41. Kg3 Rh3+ 42. Kg2 R1h2+ 43. Kg1 Rh1+ 44. Kg2 R1h2+ 45. Kg1
Qb1+ 46. Re1 Rh1+ 47. Kg2 Qxa2+ 48. R1e2 R1h2+ 49. Kg1 Qa1+ 50. Re1 Rh1+ 51.
Kg2 Qb2+ 52. R1e2 R1h2+ 53. Kg1 Rh1+ 54. Kg2 R3h2+ 55. Kg3 Rxe2 56. Qe7+ Kc6
57. Qe6+ Kc5 58. Qe7+ Kc6 59. Qe6+ Kb5 60. Qxd5+ Ka4 61. Qd7+ Ka5 62. Qc7+ Ka4
63. Qd7+ Qb5 64. Ra3+ Kxa3 65. Qxb5 Rb2 66. Qa5+ Kb3 67. Qxa7 Kc2 68. Qc5+ Kb1
69. Qxe5 b5 70. Qf5+ Ka1 71. Qc5 Rhh2 72. Qa3+ Kb1 73. Qd3+ Rhc2 74. f4 b4 75.
Qf1+ Ka2 76. Qa6+ Kb1 77. Qf1+ Rc1 78. Qd3+ Ka1 79. Qd4 Rc3+ 80. Kg4 Ra3 81. f5
b3 82. f6 Ka2 83. f7 Ra8 84. Qd5 Rb8 85. Qa5+ Kb1 86. Qe1+ Ka2 87. Qa5+ {(=)}
1/2-1/2

[Event "TV Fischbek - Hamburger SK IV"]
[Site "Landesliga Hamburg 2019/20"]
[Date "2020.01.19"]
[Round "5.6"]
[White "Schermer, Denis"]
[Black "Kirsch, Sergius"]
[Result "1/2-1/2"]
[WhiteElo "2008"]
[BlackElo "2005"]
[PlyCount "49"]
[EventDate "2020.??.??"]

1. d4 Nf6 2. Nf3 g6 3. g3 Bg7 4. Bg2 O-O 5. O-O d6 6. b3 Nc6 7. Bb2 Nd7 8. c4
e5 9. dxe5 dxe5 10. Qc1 Re8 11. Rd1 f5 12. Nc3 e4 13. Ne1 Nce5 14. Nc2 c6 15.
Nd4 Qf6 16. h3 Nc5 17. Qe3 Qf8 18. Ba3 Bh6 19. Bxc5 Qg7 20. Nxf5 gxf5 21. Qd4
e3 22. f4 Qxg3 23. Qxe3 Bxf4 24. Qxg3+ Bxg3 25. Bf2 1/2-1/2

[Event "TV Fischbek - Hamburger SK IV"]
[Site "Landesliga Hamburg 2019/20"]
[Date "2020.01.19"]
[Round "5.7"]
[White "Schnock, Stefan"]
[Black "Reichhardt, Philip"]
[Result "0-1"]
[WhiteElo "2122"]
[BlackElo "1979"]
[PlyCount "63"]
[EventDate "2020.??.??"]

1. e4 c5 2. Nf3 Nc6 3. b3 d6 4. Bb5 Bd7 5. Bb2 e5 6. O-O Be7 7. Re1 Nf6 8. c3
O-O 9. d4 cxd4 10. cxd4 exd4 11. Bxc6 Bxc6 12. Qd3 d5 13. e5 Ne4 14. Nxd4 Qa5
15. Nc3 Bb4 16. Rec1 Nc5 17. Qg3 Ne6 18. Nce2 Bd7 19. Nf5 Rfe8 20. Nxg7 Nxg7
21. e6 Bf8 22. exd7 Red8 23. Nf4 d4 24. Bxd4 Rxd7 25. Rc5 Qd2 26. Rg5 Qxd4 27.
Re1 Re7 28. Rf1 Rd8 29. h4 Re4 30. Nh5 h6 31. Rf5 Kh8 32. Rxf7 0-1

[Event "LLHH 1920 Schachfreunde II - Hamburger"]
[Site "?"]
[Date "2020.02.09"]
[Round "6.1"]
[White "Weihrauch, Jakob"]
[Black "Gremmel, Jonas Simon"]
[Result "1-0"]
[WhiteElo "2174"]
[BlackElo "2093"]
[PlyCount "79"]
[EventDate "2020.??.??"]

1. e4 c6 2. d4 d5 3. e5 Bf5 4. h4 h6 5. g4 Be4 6. f3 Bh7 7. e6 fxe6 8. Bd3 Bxd3
9. Qxd3 Nf6 10. Nh3 Na6 11. g5 hxg5 12. Nxg5 Qc7 13. Qg6+ Kd7 14. Nf7 Rh5 15.
Nc3 c5 16. Ne2 Rf5 17. Ng3 cxd4 18. Nxf5 exf5 19. Qxf5+ e6 20. Ne5+ Ke7 21. Qf4
Qb6 22. Nd3 Rc8 23. Rh2 Ke8 24. Re2 Rc6 25. Qe5 Be7 26. h5 Nb4 27. Nxb4 Qxb4+
28. Kf2 Kd7 29. Bd2 Qxb2 30. Rg1 Ne8 31. Rxg7 Nxg7 32. h6 Ne8 33. h7 Bf6 34.
Qxf6 Nxf6 35. h8=Q Rxc2 36. Qg7+ Kd6 37. Bf4+ e5 38. Bxe5+ Ke6 39. Qxf6+ Kd7
40. Qf5+ 1-0

[Event "LLHH 1920 Schachfreunde II - Hamburger"]
[Site "?"]
[Date "2020.02.09"]
[Round "6.2"]
[White "Dietz, Juergen"]
[Black "Frackowiak, Oliver"]
[Result "1/2-1/2"]
[WhiteElo "2157"]
[BlackElo "2164"]
[PlyCount "43"]
[EventDate "2020.??.??"]

1. f4 d5 2. Nf3 c6 3. g3 Bg4 4. Bg2 Bxf3 5. Bxf3 Nd7 6. d4 f5 7. Qd3 e6 8. Qe3
Kf7 9. g4 Qh4+ 10. Qf2 Qxf2+ 11. Kxf2 Ngf6 12. h3 Be7 13. Be3 Ne8 14. b3 Nd6
15. Nd2 Nf6 16. c4 h5 17. c5 Nde4+ 18. Bxe4 Nxe4+ 19. Nxe4 dxe4 20. g5 a5 21.
Rhc1 Ra7 22. Rc4 1/2-1/2

[Event "LLHH 1920 Schachfreunde II - Hamburger"]
[Site "?"]
[Date "2020.02.09"]
[Round "6.3"]
[White "Meier, David Geffrey"]
[Black "Mix, Clemens"]
[Result "1-0"]
[WhiteElo "2129"]
[BlackElo "2011"]
[PlyCount "53"]
[EventDate "2020.??.??"]

1. d4 Nf6 2. Nf3 d5 3. c4 e6 4. Nc3 Bb4 5. Qa4+ Nc6 6. Ne5 Bd7 7. Nxd7 Qxd7 8.
e3 O-O 9. Bd2 Bxc3 10. Bxc3 Ne4 11. Qc2 e5 12. dxe5 Nxc3 13. Qxc3 Rae8 14.
O-O-O Rxe5 15. f4 Ree8 16. cxd5 Ne7 17. Bc4 Nf5 18. Rhe1 Nd6 19. Bd3 f5 20. Kb1
Ne4 21. Qc2 Rf6 22. g4 Kh8 23. gxf5 Qxf5 24. Bb5 Rd8 25. Rd4 Rxd5 26. Bd3 Re6
27. Bxe4 1-0

[Event "LLHH 1920 Schachfreunde II - Hamburger"]
[Site "?"]
[Date "2020.02.09"]
[Round "6.4"]
[White "Zimmermann, Martin"]
[Black "Juergens, Bernhard"]
[Result "1/2-1/2"]
[WhiteElo "2142"]
[BlackElo "2152"]
[PlyCount "52"]
[EventDate "2020.??.??"]

1. c4 f5 2. Nf3 Nf6 3. Nc3 g6 4. g3 Bg7 5. Bg2 O-O 6. O-O d6 7. d4 Qe8 8. d5
Na6 9. Bg5 h6 10. Bxf6 Bxf6 11. Qd2 Bg7 12. Nd4 Bd7 13. e4 fxe4 14. Nxe4 c5 15.
dxc6 bxc6 16. Rad1 Nc7 17. Rfe1 Qf7 18. b3 Ne6 19. Nc2 Rad8 20. Qe3 c5 21. Rd2
Kh7 22. f4 Nd4 23. Kh1 Nxc2 24. Rxc2 Bd4 25. Qe2 Bf5 26. Rcc1 Qg7 1/2-1/2

[Event "LLHH 1920 Schachfreunde II - Hamburger"]
[Site "?"]
[Date "2020.02.09"]
[Round "6.5"]
[White "Posske, Thore"]
[Black "Steinmetz, Oliver"]
[Result "1-0"]
[WhiteElo "2009"]
[BlackElo "1967"]
[PlyCount "58"]
[EventDate "2020.??.??"]

1. d4 g6 2. c4 Bg7 3. e4 d6 4. Nc3 Nh6 5. Be2 f5 6. Nf3 O-O 7. O-O f4 8. c5 Nc6
9. Qb3+ Kh8 10. Rd1 Rb8 11. Qc4 Bg4 12. d5 Bxf3 13. dxc6 Bxe2 14. Nxe2 e5 15.
cxd6 bxc6 16. Qxc6 cxd6 17. Rxd6 Qh4 18. h3 g5 19. Bd2 Nf7 20. Rd7 g4 21. hxg4
f3 22. gxf3 Rb6 23. Qc7 Rf6 24. Qc3 Ng5 25. Bxg5 Qxg5 26. Rd3 h5 27. Kg2 hxg4
28. Rh1+ Bh6 29. Ng3 Rxf3 1-0

[Event "LLHH 1920 Schachfreunde II - Hamburger"]
[Site "?"]
[Date "2020.02.09"]
[Round "6.7"]
[White "Kirsch, Sergius"]
[Black "Oelmeyer, Gerrit"]
[Result "1/2-1/2"]
[WhiteElo "2005"]
[BlackElo "2044"]
[PlyCount "34"]
[EventDate "2020.??.??"]

1. d4 e6 2. c4 f5 3. Nc3 Nf6 4. e3 Be7 5. Bd3 O-O 6. Nge2 d5 7. O-O c6 8. f3
dxc4 9. Bxc4 b5 10. Bb3 Qb6 11. Kh1 c5 12. dxc5 Bxc5 13. e4 fxe4 14. Nxe4 Nxe4
15. fxe4 Rxf1+ 16. Qxf1 Nc6 17. Bd2 Nd4 1/2-1/2

[Event "LLHH 1920 SK Union Eimsbüttel - TV Fisc"]
[Site "?"]
[Date "2020.02.09"]
[Round "6.1"]
[White "Serrer, Christoph"]
[Black "Henrich, Holger"]
[Result "1/2-1/2"]
[WhiteElo "2284"]
[BlackElo "2155"]
[PlyCount "59"]
[EventDate "2020.??.??"]

1. d4 Nf6 2. Nf3 d5 3. g3 Bf5 4. Bg2 e6 5. O-O Be7 6. c4 c6 7. Nc3 Ne4 8. Qb3
Qb6 9. c5 Qc7 10. Bf4 Qc8 11. Ne5 Nf6 12. f3 Nbd7 13. e4 Bg6 14. Nxg6 hxg6 15.
exd5 Nxd5 16. Nxd5 cxd5 17. Rfe1 O-O 18. Rac1 Nb8 19. Be3 Nc6 20. f4 Qd7 21.
Bf1 Bf6 22. Qc3 a5 23. Bb5 Rfc8 24. a3 a4 25. Kg2 Qd8 26. h4 Qa5 27. Be2 Qd8
28. Bb5 Qa5 29. Be2 Qd8 30. Bb5 1/2-1/2

[Event "LLHH 1920 SK Union Eimsbüttel - TV Fisc"]
[Site "?"]
[Date "2020.02.09"]
[Round "6.2"]
[White "Foerster, Andreas"]
[Black "de Voogt, Juergen"]
[Result "0-1"]
[WhiteElo "2186"]
[BlackElo "2221"]
[PlyCount "44"]
[EventDate "2020.??.??"]

1. d4 Nf6 2. c4 e5 3. dxe5 Ng4 4. Nf3 Bc5 5. e3 Nc6 6. a3 a5 7. Qd5 Qe7 8. Nc3
Ncxe5 9. Nxe5 Nxe5 10. Na4 d6 11. Nxc5 dxc5 12. Be2 O-O 13. O-O Ra6 14. Qe4 f5
15. Qc2 Rh6 16. f4 Ng4 17. Bxg4 fxg4 18. e4 Rxh2 19. Kxh2 Qh4+ 20. Kg1 g3 21.
Re1 Qh2+ 22. Kf1 Bg4 0-1

[Event "LLHH 1920 SK Union Eimsbüttel - TV Fisc"]
[Site "?"]
[Date "2020.02.09"]
[Round "6.3"]
[White "Kneip, Jakob"]
[Black "Adloff, Ralf"]
[Result "1-0"]
[WhiteElo "2089"]
[BlackElo "2088"]
[PlyCount "130"]
[EventDate "2020.??.??"]

1. e4 d6 2. d4 Nf6 3. Nc3 e5 4. Nge2 c6 5. g3 b5 6. a3 Be7 7. Bg2 O-O 8. h3
Nbd7 9. g4 a5 10. O-O Ba6 11. Ng3 b4 12. Nce2 exd4 13. Nxd4 Rc8 14. Re1 bxa3
15. Ngf5 g6 16. Nxe7+ Qxe7 17. Rxa3 Bb7 18. Rxa5 Ra8 19. Nb3 Ne8 20. Rxa8 Bxa8
21. Bf4 Ne5 22. Bh6 Ng7 23. f4 Qa7+ 24. Kh2 Nc4 25. Qd3 d5 26. exd5 cxd5 27.
Qc3 f6 28. Nd4 Re8 29. Rxe8+ Nxe8 30. b3 Ncd6 31. Qe3 Qd7 32. f5 Nf7 33. Bf4 g5
34. Bg3 Ng7 35. Bf1 h5 36. Kg1 hxg4 37. hxg4 Nd6 38. Bg2 Ne4 39. Bh2 Qa7 40.
Bxe4 Qa1+ 41. Kf2 dxe4 42. Ne2 Qa6 43. Qd4 e3+ 44. Kxe3 Kh7 45. Bg3 Qc6 46. Kd2
Ne8 47. Qe3 Ng7 48. Nd4 Qd7 49. Kc1 Bd5 50. Kb2 Qb7 51. Bd6 Qa7 52. Bh2 Bf7 53.
Qe4 Qd7 54. c4 Ne8 55. Bg3 Kg8 56. Kc3 Qa7 57. Nc2 Kg7 58. Kb2 Qg1 59. Qe3 Qf1
60. Qd4 Qf3 61. Bb8 Qb7 62. Bg3 Qf3 63. Be1 Qe2 64. Bc3 Qe7 65. Qe3 Qb7 1-0

[Event "LLHH 1920 SK Union Eimsbüttel - TV Fisc"]
[Site "?"]
[Date "2020.02.09"]
[Round "6.4"]
[White "Franke, Lutz"]
[Black "Brandt, Carina"]
[Result "0-1"]
[WhiteElo "2164"]
[BlackElo "2045"]
[PlyCount "74"]
[EventDate "2020.??.??"]

1. d4 Nf6 2. c4 g6 3. Nc3 Bg7 4. e4 d6 5. Be2 O-O 6. Nf3 e5 7. d5 Nbd7 8. Bg5
h6 9. Bh4 g5 10. Bg3 Nh5 11. h4 Nxg3 12. fxg3 g4 13. Nd2 h5 14. Qc2 a5 15. O-O
Bh6 16. Kh2 Nc5 17. Rab1 Qe7 18. b3 Bd7 19. a3 a4 20. b4 Nb3 21. Nxb3 axb3 22.
Qd3 Rxa3 23. Bd1 b2 24. Rxb2 f5 25. exf5 Bf4 26. f6 Qxf6 27. Bc2 e4 28. Qxe4
Bxg3+ 29. Kxg3 Qxc3+ 30. Kh2 g3+ 31. Kg1 Rxf1+ 32. Kxf1 Ra1+ 33. Rb1 Rxb1+ 34.
Bxb1 Qc1+ 35. Qe1 Qxc4+ 36. Kg1 Qd4+ 37. Kh1 Qxh4+ 0-1

[Event "LLHH 1920 SK Union Eimsbüttel - TV Fisc"]
[Site "?"]
[Date "2020.02.09"]
[Round "6.5"]
[White "Schneider, Alexander"]
[Black "Leonardi, Karlheinz"]
[Result "1/2-1/2"]
[WhiteElo "2078"]
[BlackElo "2101"]
[PlyCount "165"]
[EventDate "2020.??.??"]

1. e4 c5 2. Nf3 Nc6 3. d4 cxd4 4. Nxd4 Qb6 5. Nb3 Nf6 6. Nc3 e6 7. Qe2 d6 8.
Be3 Qc7 9. O-O-O a6 10. g4 b5 11. Bg2 Bb7 12. g5 Nd7 13. f4 O-O-O 14. Qf2 Na5
15. Kb1 Nc4 16. Bc1 Qb6 17. Qe2 g6 18. a4 Bg7 19. Na2 Kb8 20. axb5 axb5 21.
Rhe1 Rc8 22. Nb4 Rhd8 23. c3 Nc5 24. Nd4 Na6 25. Nxa6+ Bxa6 26. b4 Bb7 27. Rd3
Rc7 28. Red1 h5 29. Nb3 Bf8 30. Be3 Nxe3 31. Qxe3 Qxe3 32. Rxe3 Rdc8 33. Kb2
Bg7 34. Nd4 Bxd4 35. Rxd4 Rd8 36. Bf1 Ba6 37. f5 gxf5 38. exf5 Re7 39. Be2 d5
40. Bxh5 Rh8 41. Rh3 Bb7 42. Rdd3 exf5 43. Bd1 Rg8 44. Rh5 Kc7 45. h4 Rg7 46.
Rh8 Re5 47. Rd2 Bc8 48. Bf3 Be6 49. Be2 Bd7 50. Bd3 Re3 51. Kc2 Rh3 52. Rf2
Rxg5 53. hxg5 Rxh8 54. Bxf5 Be8 55. Re2 Kd6 56. Kd3 Bc6 57. g6 fxg6 58. Re6+
Kc7 59. Rxg6 Rh4 60. Bg4 Be8 61. Rg7+ Kd6 62. Rg5 Bf7 63. Be2 Rh3+ 64. Kd2 Be8
65. Rg8 Bc6 66. Rg6+ Kc7 67. Rg7+ Kd6 68. Ra7 Rh4 69. Ra5 Rh2 70. Kd1 Rh1+ 71.
Kd2 Rh2 72. Ra6 Kc7 73. Ke3 Rh4 74. Bf1 Re4+ 75. Kd3 Rh4 76. Ra7+ Kd6 77. Rg7
Rf4 78. Be2 Re4 79. Rg6+ Kc7 80. Rf6 Rc4 81. Bf3 Rh4 82. Rf5 Kd6 83. Rf6+
1/2-1/2

[Event "LLHH 1920 SK Union Eimsbüttel - TV Fisc"]
[Site "?"]
[Date "2020.02.09"]
[Round "6.6"]
[White "Winter, Markus"]
[Black "Peters, Thomas"]
[Result "0-1"]
[WhiteElo "1999"]
[BlackElo "1800"]
[PlyCount "80"]
[EventDate "2020.??.??"]

1. d4 d5 2. Nf3 c6 3. Bf4 e6 4. c3 f5 5. e3 Nf6 6. Nbd2 Bd6 7. Ne5 Qc7 8. Bd3
Nbd7 9. Nxd7 Bxd7 10. Bxd6 Qxd6 11. Nf3 O-O 12. Ne5 Be8 13. Qe2 Nd7 14. f4 Nxe5
15. fxe5 Qe7 16. h4 c5 17. g4 f4 18. O-O-O fxe3 19. Qxe3 c4 20. Bb1 b5 21. Rdf1
Rxf1+ 22. Rxf1 Qxh4 23. Qf4 Qe7 24. g5 Bh5 25. Qh4 Qe8 26. Bc2 Bg6 27. Bxg6
Qxg6 28. Qf4 Qe8 29. Qg4 a5 30. Rf3 Ra7 31. Rh3 Qg6 32. Rf3 Rf7 33. Rf4 Rxf4
34. Qxf4 h6 35. gxh6 Qxh6 36. Qxh6 gxh6 37. Kd2 Kg7 38. Ke3 Kg6 39. Kf4 h5 40.
a3 a4 0-1

[Event "LLHH 1920 SK Union Eimsbüttel - TV Fisc"]
[Site "?"]
[Date "2020.02.09"]
[Round "6.7"]
[White "Schermer, Denis"]
[Black "Nielsen, Joerg"]
[Result "1-0"]
[WhiteElo "2008"]
[BlackElo "1980"]
[PlyCount "87"]
[EventDate "2020.??.??"]

1. d4 d5 2. Nf3 c6 3. Bf4 e6 4. c3 f5 5. e3 Nf6 6. Nbd2 Bd6 7. Ne5 Qc7 8. Bd3
Nbd7 9. Nxd7 Bxd7 10. Bxd6 Qxd6 11. Nf3 O-O 12. Ne5 Be8 13. Qe2 Nd7 14. f4 Nxe5
15. fxe5 Qe7 16. h4 c5 17. g4 f4 18. O-O-O fxe3 19. Qxe3 c4 20. Bb1 b5 21. Rdf1
Rxf1+ 22. Rxf1 Qxh4 23. Qf4 Qe7 24. g5 Bh5 25. Qh4 Qe8 26. Bc2 Bg6 27. Bxg6
Qxg6 28. Qf4 Qe8 29. Qg4 a5 30. Rf3 Ra7 31. Rh3 Qg6 32. Rf3 Rf7 33. Rf4 Rxf4
34. Qxf4 h6 35. gxh6 Qxh6 36. Qxh6 gxh6 37. Kd2 Kg7 38. Ke3 Kg6 39. Kf4 h5 40.
a3 a4 41. b4 h4 42. Kf3 Kg7 43. Kg2 Kf8 44. Kf2 1-0

[Event "LLHH 1920 SK Union Eimsbüttel - TV Fisc"]
[Site "?"]
[Date "2020.02.09"]
[Round "6.8"]
[White "Urban, Ralf-Dieter"]
[Black "Reichhardt, Philip"]
[Result "1-0"]
[WhiteElo "1993"]
[BlackElo "2007"]
[PlyCount "75"]
[EventDate "2020.??.??"]

1. e4 c5 2. Nf3 Nc6 3. d4 cxd4 4. Nxd4 e5 5. Nb5 d6 6. N1c3 a6 7. Na3 Nf6 8.
Bg5 Be7 9. Bxf6 Bxf6 10. Nd5 Bg5 11. Nc4 b5 12. Ncb6 Rb8 13. Nxc8 Qxc8 14. Be2
Nd4 15. c3 Ne6 16. a4 O-O 17. axb5 axb5 18. O-O f5 19. exf5 Rxf5 20. Bg4 Rf8
21. Ra7 Qe8 22. Qb3 Kh8 23. Rfa1 Nc5 24. Qc2 Qc6 25. Nb4 Qb6 26. Bf5 e4 27. Nd5
Qc6 28. Bxe4 Nxe4 29. Qxe4 Qc5 30. Qd4 Qxd4 31. cxd4 Rfc8 32. f4 Bf6 33. Nxf6
gxf6 34. Rd7 Rc2 35. Raa7 Rxb2 36. Rxh7+ Kg8 37. Rag7+ Kf8 38. h4 1-0

[Event "LLHH 1920 SK Johanneum Eppendorf - FC S"]
[Site "?"]
[Date "2020.02.09"]
[Round "6.1"]
[White "Trisic, Aleksandar"]
[Black "Yakovich, Yuri"]
[Result "1/2-1/2"]
[WhiteElo "2344"]
[BlackElo "2528"]
[PlyCount "93"]
[EventDate "2020.??.??"]

1. d4 Nf6 2. Nf3 d5 3. c4 e6 4. Nc3 c6 5. e3 Nbd7 6. Bd3 dxc4 7. Bxc4 b5 8. Bd3
a6 9. O-O c5 10. b3 Bb7 11. Bb2 Bd6 12. Rc1 O-O 13. Bb1 Qe7 14. Re1 Rfd8 15.
Qe2 Rac8 16. Red1 cxd4 17. Nxd4 Ba3 18. h3 Nb6 19. Nf3 Bxb2 20. Qxb2 Rxd1+ 21.
Rxd1 Bxf3 22. gxf3 Nbd5 23. Ne2 g6 24. Rc1 Rxc1+ 25. Qxc1 Qb4 26. Kg2 Kg7 27.
Qb2 Qe1 28. Be4 Kg8 29. a3 a5 30. Bd3 b4 31. axb4 axb4 32. Qd4 Qd2 33. Bc4 Qxd4
34. Nxd4 Kf8 35. Nc6 Ke8 36. e4 Nf4+ 37. Kg3 N6h5+ 38. Kh2 Kd7 39. Nxb4 Kd6 40.
Nc2 Nf6 41. h4 Nd7 42. Kg3 Nh5+ 43. Kg2 Ne5 44. Bf1 Nf4+ 45. Kg3 Nh5+ 46. Kg2
Nf4+ 47. Kg3 1/2-1/2

[Event "LLHH 1920 SK Johanneum Eppendorf - FC S"]
[Site "?"]
[Date "2020.02.09"]
[Round "6.2"]
[White "von Gleich, Alexander"]
[Black "Pajeken, Wolfgang"]
[Result "1-0"]
[WhiteElo "2328"]
[BlackElo "2261"]
[PlyCount "55"]
[EventDate "2020.??.??"]

1. Nf3 Nf6 2. c4 c5 3. Nc3 d5 4. cxd5 Nxd5 5. e3 e6 6. Nxd5 Qxd5 7. b3 Be7 8.
Bb2 O-O 9. Bc4 Qd8 10. O-O Nc6 11. Rc1 Nb4 12. d4 Nxa2 13. Rc2 Nb4 14. Rd2 Qa5
15. dxc5 Qxc5 16. Qa1 b5 17. Be2 f6 18. Nd4 Rd8 19. Qa5 e5 20. Bxb5 exd4 21.
Bxd4 Rxd4 22. exd4 Qd6 23. Re1 Bd7 24. Rde2 Bf8 25. Bc4+ Kh8 26. Qh5 Qxd4 27.
Qf7 Bc5 28. Re8+ 1-0

[Event "LLHH 1920 SK Johanneum Eppendorf - FC S"]
[Site "?"]
[Date "2020.02.09"]
[Round "6.3"]
[White "Jahncke, Giso"]
[Black "Schroeder, Christoph"]
[Result "0-1"]
[WhiteElo "2311"]
[BlackElo "2150"]
[PlyCount "132"]
[EventDate "2020.??.??"]

1. d4 e6 2. Nf3 Nf6 3. g3 d5 4. Bg2 Be7 5. O-O O-O 6. c4 dxc4 7. Ne5 Nc6 8.
Nxc6 bxc6 9. Na3 Bxa3 10. bxa3 Rb8 11. Qa4 Rb6 12. Qa5 Ba6 13. a4 Qe7 14. a3
Rd8 15. Rd1 c3 16. Qxc3 Bxe2 17. Re1 Ba6 18. a5 Rbb8 19. Bf4 Nd5 20. Bxd5 Rxd5
21. Qxc6 Bb7 22. Qc4 Rc8 23. Rab1 c5 24. a6 Bc6 25. Rec1 Rxd4 26. Qe2 Re4 27.
Be3 c4 28. Rxc4 Rxc4 29. Qxc4 Qxa3 30. Rc1 h6 31. Qg4 Kh8 32. Qf4 Qe7 33. Qd4
Qd7 34. Qxa7 Qd5 35. Rxc6 Qxc6 36. Qb6 Qxb6 37. Bxb6 Ra8 38. a7 Kg8 39. Kg2 Kf8
40. Kf3 Ke7 41. Kg4 Kd6 42. h4 g6 43. Kf4 Rc8 44. Ke3 Kc6 45. Bd4 Kb7 46. Kd3
Rd8 47. Ke4 Rd5 48. Be3 h5 49. Bd4 f5+ 50. Ke3 e5 51. Bb2 Kxa7 52. f3 Kb6 53.
Bc3 Kc5 54. Be1 Kc4 55. Ke2 Rd3 56. Bf2 Ra3 57. Be1 Kd5 58. Bb4 Rb3 59. Be1 e4
60. fxe4+ Kxe4 61. Kf2 Rb2+ 62. Kg1 Kf3 63. Bc3 Rg2+ 64. Kh1 Re2 65. Bd4 Kxg3
66. Bg1 f4 0-1

[Event "LLHH 1920 SK Johanneum Eppendorf - FC S"]
[Site "?"]
[Date "2020.02.09"]
[Round "6.4"]
[White "Zart, Ruediger"]
[Black "Stenner, Patrick"]
[Result "1/2-1/2"]
[WhiteElo "2113"]
[BlackElo "2265"]
[PlyCount "106"]
[EventDate "2020.??.??"]

1. e4 c6 2. d4 d5 3. e5 c5 4. dxc5 e6 5. a3 Bxc5 6. b4 Be7 7. Qg4 g6 8. Nf3 a5
9. b5 Nd7 10. Bd3 Qc7 11. Qg3 Nc5 12. O-O a4 13. Bd2 Bd7 14. Nc3 Kf8 15. Be2
Kg7 16. Nd4 h5 17. Bg5 h4 18. Qf4 Bxg5 19. Qxg5 Qa5 20. Qe3 Rc8 21. Nb1 Ne7 22.
Nd2 Nf5 23. Nxf5+ exf5 24. c4 Ne6 25. cxd5 Rc3 26. Nc4 Rxe3 27. Nxa5 Rxe2 28.
dxe6 fxe6 29. Rfe1 Bxb5 30. Nxb7 Rc8 31. Nd6 Rcc2 32. Rxe2 Bxe2 33. f4 h3 34.
gxh3 Bf3 35. Rb1 Rg2+ 36. Kf1 Rxh2 37. Rb4 Rxh3 38. Rxa4 Bd5 39. Ne8+ Kf7 40.
Nf6 Bc6 41. Ra7+ Kf8 42. Nh7+ Ke8 43. Ng5 Rh1+ 44. Kf2 Bd5 45. a4 Rc1 46. a5
Rc4 47. Ke3 Rc3+ 48. Kd4 Rc4+ 49. Ke3 Ra4 50. Rg7 Rxa5 51. Rxg6 Kd7 52. Rg7+
Kd8 53. Rg6 Ke7 1/2-1/2

[Event "LLHH 1920 SK Johanneum Eppendorf - FC S"]
[Site "?"]
[Date "2020.02.09"]
[Round "6.5"]
[White "Priebe, Jan"]
[Black "Behrhorst, Frank"]
[Result "1/2-1/2"]
[WhiteElo "2199"]
[BlackElo "2232"]
[PlyCount "113"]
[EventDate "2020.??.??"]

1. e4 Nf6 2. e5 Nd5 3. d4 d6 4. Nf3 Bg4 5. Be2 c6 6. O-O Bxf3 7. Bxf3 dxe5 8.
dxe5 e6 9. Re1 Nd7 10. Nd2 N5b6 11. Qe2 Qc7 12. b3 Bb4 13. Bb2 Rd8 14. Red1 O-O
15. a3 Bxd2 16. Rxd2 Rfe8 17. g3 Nf8 18. Rad1 Ng6 19. Be4 Rxd2 20. Rxd2 Rd8 21.
Bd4 Qe7 22. b4 Rd7 23. Rd3 Qd8 24. Bxb6 axb6 25. Bxg6 hxg6 26. Qd2 Rxd3 27.
Qxd3 Qxd3 28. cxd3 b5 29. Kg2 Kf8 30. Kf3 Ke7 31. h4 b6 32. d4 Kd7 33. Ke4 Ke7
34. Kf4 Kd7 35. Ke4 Ke7 36. g4 Kd7 37. Ke3 Ke8 38. Ke4 Kd7 39. f3 Kd8 40. Ke3
Kd7 41. f4 Ke8 42. Ke4 Ke7 43. f5 gxf5+ 44. gxf5 g6 45. f6+ Kd7 46. Kf4 Ke8 47.
Ke3 Kd7 48. Kd3 Kc7 49. Kc3 Kb7 50. Kb3 Ka6 51. a4 bxa4+ 52. Kxa4 b5+ 53. Kb3
Kb6 54. Kc3 Kc7 55. Kd3 Kd7 56. Ke4 Ke8 57. Kf4 1/2-1/2

[Event "LLHH 1920 SK Johanneum Eppendorf - FC S"]
[Site "?"]
[Date "2020.02.09"]
[Round "6.6"]
[White "Wenzel, Birger"]
[Black "Schuetze, Michael"]
[Result "1/2-1/2"]
[WhiteElo "2058"]
[BlackElo "2189"]
[PlyCount "39"]
[EventDate "2020.??.??"]

1. d4 f5 2. g3 Nf6 3. Bg2 d6 4. Nf3 g6 5. O-O Bg7 6. Nbd2 O-O 7. Re1 d5 8. c4
c6 9. b3 Be6 10. Bb2 Nbd7 11. c5 Ne4 12. Qc2 Qe8 13. e3 h6 14. Re2 g5 15. Ne1
Bf7 16. Nd3 Bh5 17. Ree1 e5 18. Nf3 Bxf3 19. Bxf3 g4 20. Bg2 1/2-1/2

[Event "LLHH 1920 SK Johanneum Eppendorf - FC S"]
[Site "?"]
[Date "2020.02.09"]
[Round "6.7"]
[White "Richter, Maik"]
[Black "Keyser, Robin"]
[Result "1-0"]
[WhiteElo "2150"]
[BlackElo "2121"]
[PlyCount "67"]
[EventDate "2020.??.??"]

1. e4 e6 2. d4 d5 3. Nc3 Bb4 4. e5 c5 5. a3 Bxc3+ 6. bxc3 Ne7 7. h4 Nbc6 8. Nf3
Bd7 9. h5 h6 10. a4 Qa5 11. Bd2 c4 12. Qb1 Rb8 13. Qd1 Nd8 14. Nh4 Bxa4 15. g4
Ndc6 16. f4 Bxc2 17. Qc1 Ba4 18. f5 b5 19. Be2 Qb6 20. f6 gxf6 21. exf6 Ng8 22.
Rf1 Rb7 23. Ng6 fxg6 24. hxg6 Nxf6 25. Rxf6 Qd8 26. g5 hxg5 27. Bxg5 Qd6 28.
Qe3 Rh1+ 29. Kd2 Rxa1 30. Rxe6+ Ne7 31. Rxd6 b4 32. cxb4 a5 33. Qe6 c3+ 34. Ke3
1-0

[Event "LLHH 1920 SK Johanneum Eppendorf - FC S"]
[Site "?"]
[Date "2020.02.09"]
[Round "6.8"]
[White "Schueler, Hendrik"]
[Black "Reuber, Artur"]
[Result "1/2-1/2"]
[WhiteElo "2072"]
[BlackElo "2165"]
[PlyCount "48"]
[EventDate "2020.??.??"]

1. d4 f5 2. Bg5 g6 3. e3 Bg7 4. Nc3 d5 5. Nge2 Be6 6. Nf4 Bf7 7. Qf3 c6 8. Nd3
Nd7 9. g4 fxg4 10. Qxg4 Ngf6 11. Bxf6 exf6 12. O-O-O Qe7 13. h4 h5 14. Qg3
O-O-O 15. Bh3 Bh6 16. Nc5 f5 17. Nxd7 Rxd7 18. Ne2 Qd6 19. Qxd6 Rxd6 20. Nf4
Bxf4 21. exf4 Re8 22. Rhe1 Rde6 23. Re5 Kd7 24. Rde1 R6e7 1/2-1/2

[Event "LLHH 1920 SC Königsspringer II - FC St"]
[Site "?"]
[Date "2020.02.09"]
[Round "6.1"]
[White "Kahlert, Thomas"]
[Black "Harder, Clemens"]
[Result "1/2-1/2"]
[WhiteElo "2152"]
[BlackElo "2162"]
[PlyCount "41"]
[EventDate "2020.??.??"]

1. c4 c6 2. e4 d5 3. exd5 cxd5 4. cxd5 Nf6 5. Nc3 g6 6. Nf3 Bg7 7. Bc4 O-O 8.
O-O Nbd7 9. Re1 Nb6 10. Bb3 Nbxd5 11. d4 e6 12. Bg5 h6 13. Bh4 Qa5 14. Ne5 Nxc3
15. bxc3 Qxc3 16. Rc1 Qb4 17. Rc4 Qa5 18. Rc5 Qb4 19. Rc4 Qa5 20. Rc5 Qb4 21.
Rc4 1/2-1/2

[Event "LLHH 1920 SC Königsspringer II - FC St"]
[Site "?"]
[Date "2020.02.09"]
[Round "6.2"]
[White "Cremer, Jochen"]
[Black "Breyther, Ruediger"]
[Result "1/2-1/2"]
[WhiteElo "2097"]
[BlackElo "2244"]
[PlyCount "73"]
[EventDate "2020.??.??"]

1. c4 Nf6 2. g3 e6 3. Bg2 d5 4. Nf3 Be7 5. b3 O-O 6. Bb2 b6 7. O-O Bb7 8. e3 c5
9. Qe2 Nc6 10. d3 Qd7 11. Ne5 Nxe5 12. Bxe5 dxc4 13. bxc4 Bxg2 14. Kxg2 Rfd8
15. Rd1 Rac8 16. Bb2 Rc6 17. e4 Qb7 18. e5 Rc7+ 19. Kg1 Nd7 20. Nc3 Nb8 21. Ne4
Nc6 22. f4 Nd4 23. Qg2 Kh8 24. Rab1 Rcd7 25. Bc3 f5 26. exf6 gxf6 27. Kh1 f5
28. Nf2 Bf6 29. Qxb7 Rxb7 30. Kg2 Kg8 31. Re1 Kf7 32. Rbc1 Rbd7 33. Re3 Rd6 34.
Ree1 R8d7 35. Re3 Rd8 36. Ree1 R8d7 37. Re3 1/2-1/2